Exaltación de la divina misericordia en la milagrosa renovación de la soberana imagen de Christo señor nuestro crucificado...

Detalles Bibliográficos
Autor principal: VELASCO, Alfonso Alberto de
Formato: Libro
Publicado: s.l. ca. 1698
Materias:
Colección:Banco de datos
Acervo:Biblioteca Nacional de Antropología e Historia. Fondo Conventual
Tema general:Ascética
Notas:Regular. XXI,2,7
LEADER 00708nam a22001930004500
035 |a 10920 
036 |a 5525 
100 1 |a VELASCO, Alfonso Alberto de 
245 1 0 |a Exaltación de la divina misericordia en la milagrosa renovación de la soberana imagen de Christo señor nuestro crucificado... 
260 |a s.l.  |b s.i.  |c ca. 1698 
500 |a Regular. XXI,2,7 
650 1 0 |a Ascética 
949 |a B.N.A.H. 
959 |a Biblioteca Nacional de Antropología e Historia. Ciudad de México  |b CCC1 
960 |a Seminario de Morelia  |b DD56 
961 |a Casa de formación del Clero Secular  |b CS 
942 |c B.N.A.H. 
943 |g Biblioteca Nacional de Antropología e Historia. Fondo Conventual 
999 |c 1035452  |d 1035452